NFL Team Names by Clue - Statistics

General Stats
  • This quiz has been taken 31 times
  • The average score is 18 of 32
Answer Stats
Hint Team Name % Correct
A young male horse Colts
95%
Gold Prospectors 49ers
82%
Kings of the Jungle Lions
77%
Stack of paper money Bills
73%
The result of mixing primary colors Browns
73%
Southwestern Rancher Cowboys
73%
Pooh & Smokey Bears
68%
Paul Revere & Sam Adams Patriots
68%
Military Leaders Commanders
64%
Ospreys Seahawks
64%
Rodeo Rides Broncos
59%
Fastest animal on earth Falcons
59%
Quoted Nevermore Ravens
59%
Hagar the Horrible was one Vikings
59%
Plains Leaders Chiefs
55%
Brainy Mammals Dolphins
55%
Turbine Transports Jets
55%
Type of Invader Raiders
55%
Not Ewes Rams
55%
Thieves (sp) Steelers
55%
Peter, Paul & Mary Saints
50%
Stephen F Austin & Janis Joplin Texans
50%
Luxury Car from Whitesnake Jaguars
45%
Michael Scott's best friend Packers
45%
Saturn's Largest Moon Titans
45%
High ranking Clerics Cardinals
41%
Purchasers using plastic Chargers
41%
$1 for corn Buccaneers
36%
Owens Corning's was a pink one Panthers
36%
Formerly females Bengals
32%
Old Abe was one Eagles
27%
Name could be Military Insects Giants
27%
No matching quizzes found
Score Distribution
Percent of People with Each Score
Percentile by Number Answered
Your Score History
You have not taken this quiz